|
|
|
|
| LEADER |
00000nam a22000007a 4500 |
| 005 |
20140917213736.0 |
| 007 |
cr|||| |||| |
| 008 |
140917s2013 it |||||s|||| 00||0 ita d |
| 020 |
|
|
|a 978-88-6611-314-0
|
| 035 |
|
|
|a 12387
|
| 040 |
|
|
|a vLex
|
| 090 |
|
|
|c 5167
|d 5167
|
| 100 |
1 |
|
|a Carnimeo, Nicoḷ
|
| 245 |
1 |
0 |
|a Elementi di Diritto e Geopolitica degli spazi marittimi
|h [Recurso electrn̤ico] /
|c Nicol ̣Carnimeo
|
| 256 |
|
|
|a Servicio en ln̕ea
|
| 260 |
|
|
|a Bari:
|b Cacucci Editore,
|c 2013
|
| 300 |
|
|
|a 1 recurso electrn̤ico
|
| 500 |
|
|
|a Il Dipartimento Jonico in “Sistemi Giuridici ed Economici del Mediterraneo: societ,̉ ambiente, culture” (DJSGE) ̈il primo dipartimento dell’Universit ̉degli Studi di Bari “Aldo Moro” con sede a Taranto. Esso nasce dall’aggregazione di docenti e ricercatori della II Facolt ̉di Giurisprudenza, della II Facolt ̉di Economia, dei corsi di laurea in Scienze della Formazione (Facolt ̉di Scienze della Formazione) e in Scienze Infermieristiche (Facolt ̉di Medicina) di Taranto intorno a tematiche di ricerca e di formazione rispondenti alla vocazione mediterranea dell’area ionica: ambiente, tutela della salute e del territorio, diritti ed economie del mare, valorizzazione dei saperi e delle culture dello spazio euro-mediterraneo. La conoscenza degli aspetti giuridici del fenomeno marittimo si va sempre pi ̮di
|o ndendo in risposta ad esigenze di studio e di approfondimento derivanti da fatti di stringente attualit ̉che vedono coinvolti tutti gli ±attori» del cluster marittimo italiano. Tali ±attori» sono portatori di interessi meritevoli di tutela sul piano giuridico, la cui percezione non pu ̣prescindere dalla geopolitica nella quale essi nascono, sono coltivati e si intrecciano. Mossi da esigenze didattiche legate al corso interdisciplinare di ±Scienze e gestione delle attivit ̉marittime» istituito dall’Universit ̉degli Studi di Bari “Aldo Moro” in collaborazione con la Marina Militare, gli autori intendono contribuire allo studio del fenomeno marittimo, cercando di fornire uno strumento di apprendimento sia di nozioni giuridiche sia di geopolitica.
|
| 506 |
1 |
|
|a Disponible solo en los productos indicados
|d vLex Global
|d vLex Global (Academic Edition, excluding Law Schools)
|d vLex Global (U.S. Academic Edition, Law Schools)
|d vLex Global (U.S. Academic Edition, excluding Law Schools)
|d vLex Global (Academic Edition, Law Schools)
|
| 650 |
0 |
4 |
|a Derecho Civil
|z Italia
|
| 740 |
0 |
|
|a vLex Libros (Servicio en ln̕ea)
|
| 856 |
4 |
0 |
|u http://vlex.com/source/elementi-di-diritto-e-geopolitica-degli-spazi-marittimi-12387
|z Acceso restringido
|
| 942 |
|
|
|c BOOK
|
| 999 |
0 |
|
|a Civil Law
|